| 000 | 00722nam a22002297a 4500 | ||
|---|---|---|---|
| 003 | OSt | ||
| 005 | 20230925093035.0 | ||
| 008 | 221006b |||||||| |||| 00| 0 eng d | ||
| 040 | _cLado V | ||
| 082 |
_a708 _bR548r |
||
| 100 |
_91094 _aRiedel, Verónica _eautor |
||
| 245 | _aRitos del Viaje/ | ||
| 260 |
_bCentro Cultural del IGA _c2005 _aGuatemala |
||
| 300 |
_c13x14cm _a5p. |
||
| 366 | _espa | ||
| 505 | _tPresentación | ||
| 650 |
_2Tesauro de Arte & Arquitectura _aARTE _9703 |
||
| 650 |
_2Tesauro de Arte & Arquitectura _aCOLECCION _9702 |
||
| 650 |
_2Tesauro de Arte & Arquitectura _aEXHIBICION _9703 |
||
| 650 |
_2Tesauro de Arte & Arquitectura _aAFICHE |
||
| 942 |
_2ddc _c1 _h708 _iR549r _n0 |
||
| 999 |
_c4380 _d4380 |
||